000 00769nam a2200229 a 4500
001 BRCA_3521
005 20190320204323.0
008 260709s1861----fr-a---###---#000-0#fre-#
041 _afre
044 _afr
050 4 _aF1359
_b.B73 1861
100 1 _aBrasseur de Bourbourg, Carlos Esteban
_d1814-1874.
_99148
245 1 0 _aVoyague sur l´isthme de Tehuantepec dans l´etat de Chiapas et la République de Guatémala exécuté dans les années 1859 et 1860
_cpar M. L´Abbe Brasseur de Bourbourg.
260 _aParís
_bA. Bertrand
_c1861
300 _a209 p.
_bil.
_c21 cm.
500 _aB125
650 1 4 _aViajeros franceses.
_97982
651 4 _aTehuantepec (Istmo).
_99149
651 4 _aMéxico
_xDescripción y viajes.
_9103
902 _aGFM
942 _2lcc
_cB
999 _c3256
_d3256